[Event "European Team Championship 2019"]
[Site "Batumi GEO"]
[Date "2019.11.02"]
[Round "9"]
[White "Jobava, Baadur"]
[Black "Giri, Anish"]
[Result "1/2-1/2"]
[WhiteElo "2617"]
[BlackElo "2780"]
[PlyCount "78"]
[EventDate "2019.10.24"]
[WhiteTeam "Georgia"]
[BlackTeam "Netherlands"]

1. e4 c5 2. Nc3 d6 3. f4 g6 4. Nf3 Bg7 5. Bb5+ Bd7 6. Bc4 Nc6 7. d3 Na5 8. Bd2
e6 9. e5 d5 10. Bb5 Nc6 11. Bxc6 Bxc6 12. O-O Ne7 13. Be1 Qb6 14. a4 d4 15. a5
Qc7 16. Ne4 Bxe4 17. dxe4 Nc6 18. Bh4 h6 19. Qe2 g5 20. fxg5 hxg5 21. Bxg5 Nxe5
22. h3 Nd7 23. a6 O-O 24. axb7 Qxb7 25. e5 Qxb2 26. Rab1 d3 27. Qe4 Qxc2 28.
Rb7 Qe2 29. Be3 Rad8 30. Rf2 Qd1+ 31. Kh2 c4 32. Rd2 Qa1 33. Rxa7 Bxe5+ 34. g3
Qc3 35. Rxd7 Rxd7 36. Nxe5 f5 37. Qf4 Rg7 38. Bd4 Qc1 39. Qh6 Rf6 1/2-1/2

[Event "3rd GP Series, Knockout 2019"]
[Site "Hamburg GER"]
[Date "2019.11.05"]
[Round "1"]
[White "Vachier-Lagrave, Maxime"]
[Black "Wei, Yi"]
[Result "1-0"]
[WhiteElo "2777"]
[BlackElo "2724"]
[PlyCount "93"]
[EventDate "2019.11.05"]

1. e4 c5 2. Nf3 d6 3. d4 cxd4 4. Nxd4 Nf6 5. Nc3 a6 6. g3 e5 7. Nb3 Be7 8. Bg5
Nbd7 9. a4 h6 10. Be3 b6 11. Bc4 Bb7 12. Nd2 O-O 13. O-O Qc7 14. Qe2 Rfc8 15.
Rad1 Nc5 16. Bxc5 Qxc5 17. Rfe1 g6 18. Bb3 Kg7 19. Qc4 Qxc4 20. Nxc4 Rc6 21.
Nd5 Nxd5 22. exd5 Rc7 23. Nxe5 dxe5 24. d6 Rd7 25. dxe7 Rxe7 26. Rd6 b5 27. a5
Rc8 28. c3 Bf3 29. Rxa6 Rd8 30. Rb6 Rd2 31. Rxb5 Rxb2 32. a6 Rc7 33. Bc4 Rxb5
34. Bxb5 Rxc3 35. Bf1 Rc5 36. Ra1 Ba8 37. Be2 e4 38. Kf1 Kf6 39. Ke1 Ke5 40.
Kd2 f5 41. Rb1 g5 42. Rb5 Kd4 43. Rxc5 Kxc5 44. Ke3 Bc6 45. Bh5 Kd5 46. a7 Ke5
47. f4+ 1-0

[Event "3rd GP Series, Knockout 2019"]
[Site "Hamburg GER"]
[Date "2019.11.05"]
[Round "1"]
[White "Navara, David"]
[Black "Vitiugov, Nikita"]
[Result "1/2-1/2"]
[WhiteElo "2703"]
[BlackElo "2751"]
[PlyCount "50"]
[EventDate "2019.11.05"]

1. e4 e5 2. Nf3 Nc6 3. Bb5 a6 4. Ba4 Nf6 5. O-O Be7 6. Re1 b5 7. Bb3 O-O 8. c3
d5 9. exd5 Nxd5 10. Nxe5 Nxe5 11. Rxe5 c6 12. d3 Bd6 13. Re1 Bf5 14. Qf3 Qh4
15. g3 Qh3 16. Be3 Bxd3 17. Nd2 Bf5 18. Bxd5 cxd5 19. Qxd5 Rfd8 20. Qg2 Qxg2+
21. Kxg2 b4 22. Bd4 Bf8 23. Nb3 Be6 24. Bb6 Rdb8 25. Ba5 bxc3 1/2-1/2

[Event "3rd GP Series, Knockout 2019"]
[Site "Hamburg GER"]
[Date "2019.11.05"]
[Round "1"]
[White "Radjabov, Teimour"]
[Black "Dubov, Daniil"]
[Result "1/2-1/2"]
[WhiteElo "2767"]
[BlackElo "2676"]
[PlyCount "23"]
[EventDate "2019.11.05"]

1. e4 e5 2. Nf3 Nc6 3. Bc4 Bc5 4. O-O Nf6 5. d3 d6 6. c3 a6 7. a4 Ba7 8. Re1 h6
9. Nbd2 g5 10. Nf1 g4 11. N3d2 h5 12. Nb3 1/2-1/2

[Event "3rd GP Series, Knockout 2019"]
[Site "Hamburg GER"]
[Date "2019.11.05"]
[Round "1"]
[White "Svidler, Peter"]
[Black "Harikrishna, Pentala"]
[Result "1-0"]
[WhiteElo "2719"]
[BlackElo "2731"]
[PlyCount "93"]
[EventDate "2019.11.05"]

1. e4 e5 2. Nf3 Nc6 3. Bc4 Bc5 4. O-O Nf6 5. d3 d6 6. c3 a6 7. a4 h6 8. a5 O-O
9. h3 Ba7 10. Be3 d5 11. exd5 Nxd5 12. Bxa7 Rxa7 13. Re1 Nf4 14. Nxe5 Qg5 15.
Ng4 h5 16. Ne3 Bxh3 17. Qf3 Ne5 18. Qg3 Bg4 19. Nd5 Nxc4 20. Qxf4 Qxf4 21. Nxf4
Nxb2 22. Ra2 g5 23. Rxb2 gxf4 24. Re5 Rd8 25. d4 Rd6 26. f3 Bd7 27. Nd2 b6 28.
Ne4 Rg6 29. Re7 Bb5 30. d5 f5 31. axb6 Rxb6 32. Nc5 Kf8 33. Rh7 Kg8 34. Rxh5
Bc4 35. Rd2 Rd6 36. Rxf5 c6 37. Ne4 Rxd5 38. Nf6+ Kg7 39. Nxd5 cxd5 40. Rd4 a5
41. Rdxf4 Kg6 42. Rf8 Kg7 43. Rb8 a4 44. Rff8 d4 45. cxd4 Bd5 46. Rfd8 a3 47.
Rxd5 1-0

[Event "3rd GP Series, Knockout 2019"]
[Site "Hamburg GER"]
[Date "2019.11.05"]
[Round "1"]
[White "Jakovenko, Dmitry"]
[Black "Yu, Yangyi"]
[Result "1/2-1/2"]
[WhiteElo "2691"]
[BlackElo "2753"]
[PlyCount "34"]
[EventDate "2019.11.05"]

1. e4 e5 2. Nf3 Nf6 3. Nxe5 d6 4. Nf3 Nxe4 5. d4 d5 6. Bd3 Nc6 7. O-O Be7 8.
Nbd2 Nxd2 9. Qxd2 O-O 10. c3 Bd6 11. Qc2 h6 12. Re1 Qf6 13. Qb3 Ne7 14. Bd2 Bf5
15. Bxf5 Qxf5 16. Re2 Rab8 17. Rae1 Ng6 1/2-1/2

[Event "3rd GP Series, Knockout 2019"]
[Site "Hamburg GER"]
[Date "2019.11.06"]
[Round "2"]
[White "Wei, Yi"]
[Black "Vachier-Lagrave, Maxime"]
[Result "1/2-1/2"]
[WhiteElo "2724"]
[BlackElo "2777"]
[PlyCount "53"]
[EventDate "2019.11.05"]

1. e4 c5 2. Nf3 d6 3. d4 cxd4 4. Nxd4 Nf6 5. Nc3 a6 6. Nb3 e6 7. g4 b5 8. Bg2
Bb7 9. g5 Nfd7 10. h4 Nc6 11. f4 Be7 12. Ne2 h6 13. Ned4 Nxd4 14. Qxd4 hxg5 15.
hxg5 Rxh1+ 16. Bxh1 e5 17. Qf2 exf4 18. Bxf4 Bxg5 19. Bxd6 Rc8 20. c3 Bh4 21.
Bg3 Bxg3 22. Qxg3 b4 23. O-O-O Qf6 24. Rd6 Qf1+ 25. Rd1 Qf6 26. Rd6 Qf1+ 27.
Rd1 1/2-1/2

[Event "3rd GP Series, Knockout 2019"]
[Site "Hamburg GER"]
[Date "2019.11.06"]
[Round "2"]
[White "Topalov, Veselin"]
[Black "Nakamura, Hikaru"]
[Result "1/2-1/2"]
[WhiteElo "2736"]
[BlackElo "2741"]
[PlyCount "50"]
[EventDate "2019.11.05"]

1. d4 d5 2. c4 dxc4 3. e3 Nf6 4. Bxc4 e6 5. Nf3 a6 6. O-O c5 7. Bb3 Nbd7 8. e4
cxd4 9. e5 Ng4 10. Re1 Nc5 11. h3 Nh6 12. Nxd4 Nxb3 13. axb3 Nf5 14. Be3 Nxd4
15. Bxd4 Bd7 16. Nc3 Bc6 17. Re3 Qh4 18. Bb6 Be7 19. Rg3 Bd8 20. Bc5 Bc7 21.
Rg4 Qh5 22. Bd6 Rd8 23. Rxg7 Qxd1+ 24. Rxd1 Bxd6 25. exd6 Rd7 1/2-1/2

[Event "3rd GP Series, Knockout 2019"]
[Site "Hamburg GER"]
[Date "2019.11.06"]
[Round "2"]
[White "Vitiugov, Nikita"]
[Black "Navara, David"]
[Result "1/2-1/2"]
[WhiteElo "2751"]
[BlackElo "2703"]
[PlyCount "117"]
[EventDate "2019.11.05"]

1. d4 Nf6 2. c4 e6 3. g3 d5 4. Bg2 Be7 5. Nf3 O-O 6. O-O dxc4 7. Qc2 a6 8. a4
Bd7 9. Qxc4 Bc6 10. Bg5 Nbd7 11. Nc3 h6 12. Bxf6 Nxf6 13. Rfd1 Bd5 14. Qd3 Bxf3
15. Bxf3 c6 16. h4 Qa5 17. Qc2 Rad8 18. Kg2 h5 19. Rab1 Rd7 20. Na2 Rfd8 21. b4
Qc7 22. e3 e5 23. dxe5 Qxe5 24. Rxd7 Rxd7 25. Nc3 g6 26. Rb3 Kg7 27. Qb2 Nd5
28. Nxd5 Qxb2 29. Rxb2 cxd5 30. b5 Bf6 31. Rd2 axb5 32. axb5 d4 33. Be2 Re7 34.
exd4 Bxd4 35. Rxd4 Rxe2 36. Rd7 b6 37. Rd6 Rb2 38. Rxb6 Rb3 39. Kf1 Rb2 40. Ke1
f6 41. Rb7+ Kh6 42. f4 g5 43. hxg5+ fxg5 44. Rb6+ Kg7 45. fxg5 Rg2 46. Rh6 Rxg3
47. Rxh5 Rb3 48. g6 Kxg6 49. Rc5 Kf6 50. Kd2 Ke6 51. Kc2 Rh3 52. Rc3 Rxc3+ 53.
Kxc3 Kd6 54. Kb4 Kc7 55. Ka5 Kb7 56. b6 Kb8 57. Ka6 Ka8 58. b7+ Kb8 59. Kb6
1/2-1/2

[Event "3rd GP Series, Knockout 2019"]
[Site "Hamburg GER"]
[Date "2019.11.06"]
[Round "2"]
[White "Grischuk, Alexander"]
[Black "Wojtaszek, Radoslaw"]
[Result "1/2-1/2"]
[WhiteElo "2764"]
[BlackElo "2728"]
[PlyCount "29"]
[EventDate "2019.11.05"]

1. e4 e5 2. Nf3 Nc6 3. Bc4 Bc5 4. O-O Nf6 5. d3 d6 6. c3 a6 7. Re1 O-O 8. h3 h6
9. b4 Ba7 10. a4 Ne7 11. Nbd2 Ng6 12. d4 exd4 13. cxd4 d5 14. exd5 Nxd5 15. b5
1/2-1/2

[Event "3rd GP Series, Knockout 2019"]
[Site "Hamburg GER"]
[Date "2019.11.06"]
[Round "2"]
[White "Dubov, Daniil"]
[Black "Radjabov, Teimour"]
[Result "1/2-1/2"]
[WhiteElo "2676"]
[BlackElo "2767"]
[PlyCount "35"]
[EventDate "2019.11.05"]

1. e4 e5 2. Nf3 Nc6 3. Bc4 Bc5 4. O-O Nf6 5. d4 Bxd4 6. Nxd4 Nxd4 7. Bg5 d6 8.
f4 Bg4 9. Bxf6 Bxd1 10. Bxd8 Rxd8 11. c3 Be2 12. cxd4 Bxc4 13. Rc1 Bd3 14. Rxc7
Rd7 15. Rc8+ Rd8 16. Rxd8+ Kxd8 17. dxe5 Bxb1 18. Rxb1 1/2-1/2

[Event "3rd GP Series, Knockout 2019"]
[Site "Hamburg GER"]
[Date "2019.11.06"]
[Round "2"]
[White "Harikrishna, Pentala"]
[Black "Svidler, Peter"]
[Result "1/2-1/2"]
[WhiteElo "2731"]
[BlackElo "2719"]
[PlyCount "65"]
[EventDate "2019.11.05"]

1. e4 e5 2. Nf3 Nc6 3. Bc4 Bc5 4. c3 Nf6 5. d3 d6 6. a4 a6 7. O-O h6 8. Be3
Bxe3 9. fxe3 O-O 10. Nbd2 Be6 11. Bxe6 fxe6 12. Qb3 Qd7 13. d4 Kh7 14. Rad1
Rab8 15. Nc4 exd4 16. exd4 b5 17. axb5 axb5 18. Ne3 Ne7 19. Qc2 Kg8 20. Rde1
Rbe8 21. h3 Rf7 22. b3 Qc6 23. Nd2 Ref8 24. c4 bxc4 25. bxc4 e5 26. dxe5 dxe5
27. c5 Ng6 28. Nf5 Kh7 29. Nf3 Nxe4 30. Nxe5 Nxe5 31. Rxe4 Ng6 32. Re3 Kh8 33.
Ree1 1/2-1/2

[Event "3rd GP Series, Knockout 2019"]
[Site "Hamburg GER"]
[Date "2019.11.06"]
[Round "2"]
[White "Yu, Yangyi"]
[Black "Jakovenko, Dmitry"]
[Result "1/2-1/2"]
[WhiteElo "2753"]
[BlackElo "2691"]
[PlyCount "145"]
[EventDate "2019.11.05"]

1. c4 c5 2. Nf3 Nf6 3. Nc3 e6 4. e4 Nc6 5. Be2 d5 6. exd5 exd5 7. d4 cxd4 8.
Nxd4 dxc4 9. Be3 Nxd4 10. Bxd4 Be6 11. O-O Be7 12. Qa4+ Qd7 13. Qxd7+ Nxd7 14.
Bxg7 Rg8 15. Bd4 Bc5 16. Bxc5 Nxc5 17. Rfd1 Rd8 18. Rxd8+ Kxd8 19. Rd1+ Kc8 20.
f4 a6 21. f5 Bd7 22. Bxc4 Bc6 23. Bd5 Kc7 24. Bxc6 Kxc6 25. b4 Nd7 26. Ne4 Ne5
27. Rd6+ Kc7 28. Rd5 Nc6 29. a3 Rg4 30. Nf6 Rd4 31. Rxd4 Nxd4 32. Nxh7 Nxf5 33.
Ng5 Nd6 34. Kf2 Kd7 35. Ke3 Nc4+ 36. Kd3 Nxa3 37. Nxf7 Nb5 38. h4 b6 39. Ne5+
Ke6 40. Nc4 Kf5 41. h5 Kg5 42. g4 Na7 43. Nxb6 Nc6 44. Nd5 Ne5+ 45. Kd4 Nxg4
46. Nc7 Nf6 47. Nxa6 Nd7 48. Nc5 Nb6 49. Ne4+ Kxh5 50. Kc5 Nd7+ 51. Kc6 Ne5+
52. Kc7 Nc4 53. b5 Kg6 54. Nd6 Nb2 55. Kc6 Na4 56. Ne4 Nb2 57. Kd5 Na4 58. Kc6
Nb2 59. Nd2 Na4 60. Nb3 Kf7 61. Nc5 Nb2 62. Kd5 Ke7 63. b6 Kd8 64. Na6 Nd3 65.
Kc6 Ne5+ 66. Kb5 Kc8 67. Nc5 Kb8 68. Ka6 Ka8 69. Kb5 Kb8 70. Ka6 Ka8 71. Ne6
Nd7 72. b7+ Kb8 73. Nd4 1/2-1/2

[Event "3rd GP Series, Knockout 2019"]
[Site "Hamburg GER"]
[Date "2019.11.06"]
[Round "2"]
[White "Nepomniachtchi, Ian"]
[Black "Duda, Jan-Krzysztof"]
[Result "1/2-1/2"]
[WhiteElo "2773"]
[BlackElo "2748"]
[PlyCount "263"]
[EventDate "2019.11.05"]

1. e4 c5 2. Nf3 g6 3. d4 cxd4 4. Nxd4 Nc6 5. Nc3 Bg7 6. Be3 Nf6 7. Bc4 Qa5 8.
O-O O-O 9. Bb3 d6 10. Nd5 Qd8 11. f3 Nxd5 12. exd5 Nxd4 13. Bxd4 Bxd4+ 14. Qxd4
Qb6 15. Qxb6 axb6 16. Rfe1 Re8 17. Re4 Bd7 18. Rb4 b5 19. c3 Rac8 20. Kf2 Rc5
21. Rd1 Kg7 22. h4 h6 23. a3 Kf6 24. Re1 g5 25. Rd4 Rd8 26. Rh1 Bf5 27. g4 Bg6
28. f4 gxf4 29. Re1 Rd7 30. Rxf4+ Kg7 31. Re3 Rdc7 32. Ref3 f6 33. g5 fxg5 34.
hxg5 h5 35. Re3 e5 36. dxe6 Rxg5 37. Rd4 Rf5+ 38. Ke2 Be8 39. Rxd6 Kf8 40. Rd4
Rg7 41. Bd5 b6 42. Be4 Re5 43. Rd6 h4 44. Bf3 Rxe3+ 45. Kxe3 h3 46. Kf2 h2 47.
e7+ Kxe7 48. Rh6 Rf7 49. Rxh2 Bc6 50. Rh3 Bxf3 51. Rxf3 Rh7 52. Ke3 Kd6 53.
Rf6+ Kc7 54. Rf2 Kc6 55. Re2 Kc5 56. Kd3 Rh3+ 57. Kc2 Rh5 58. Rg2 Kc6 59. Kb3
Rh4 60. Rd2 Kc5 61. Rc2 Rh3 62. Rg2 Rh5 63. Rg8 Rh2 64. Rg1 Kc6 65. Rc1 Kc5 66.
Rc2 Rh4 67. Rf2 Kc6 68. Kc2 Rh3 69. Rf6+ Kb7 70. Rf7+ Kc6 71. Rf2 Kb7 72. Kb3
Rh4 73. Rd2 Kc6 74. Rd4 Rh2 75. a4 bxa4+ 76. Rxa4 b5 77. Ra6+ Kb7 78. Rg6 Rf2
79. Rg4 Kb6 80. Ka3 Rc2 81. Rg6+ Kb7 82. Rg3 Rh2 83. Rg4 Rc2 84. Rd4 Kc6 85.
Rd3 Rh2 86. Kb3 Kc5 87. Rg3 Kb6 88. Rg6+ Kb7 89. Rg8 Rf2 90. Rg1 Kb6 91. Rc1
Kc5 92. Rc2 Rf4 93. Rd2 Rh4 94. Rd8 Rh2 95. Rb8 Rh4 96. Rd8 Rh2 97. Rc8+ Kb6
98. Rb8+ Kc6 99. Ka3 Rc2 100. Rh8 Kb6 101. Rh6+ Kb7 102. Rh3 Kb6 103. Rh6+ Kb7
104. Rh3 Kb6 105. Rd3 Rh2 106. Rd6+ Kc7 107. Rd4 Kb6 108. b3 Rh3 109. Kb4 Rh6
110. Rg4 Rf6 111. Ka3 Rh6 112. Rg2 Rf6 113. Kb2 Rf3 114. Kc2 Rh3 115. Rg6+ Kc7
116. Re6 Rg3 117. Re4 Kc6 118. Kd2 Kd5 119. Re3 Rg2+ 120. Kd3 Rb2 121. b4 Rh2
122. Rg3 Rh6 123. Rf3 Rg6 124. Rh3 Kc6 125. Rh4 Kb6 126. Rh8 Rd6+ 127. Kc2 Rc6
128. Rh5 Rc4 129. Kd3 Rc8 130. Rh6+ Kb7 131. Rd6 Rc7 132. Rd5 1/2-1/2

[Event "3rd GP Series ((tie-break)) 2019"]
[Site "Hamburg GER"]
[Date "2019.11.07"]
[Round "1"]
[White "Vitiugov, Nikita"]
[Black "Navara, David"]
[Result "0-1"]
[WhiteElo "2751"]
[BlackElo "2703"]
[PlyCount "74"]
[EventDate "2019.11.05"]

1. Nf3 Nf6 2. c4 e6 3. g3 d5 4. Bg2 Be7 5. O-O O-O 6. b3 d4 7. Bb2 c5 8. b4 a5
9. bxc5 Nc6 10. Na3 e5 11. Nb5 Bg4 12. d3 Bxc5 13. Rb1 Re8 14. Nd2 Qd7 15. Nb3
Bf8 16. Ba3 Nb4 17. Qd2 Bh3 18. Nxa5 Bxg2 19. Kxg2 Rxa5 20. Bxb4 Bxb4 21. Rxb4
h5 22. Rb2 Ra6 23. Qg5 Nh7 24. Qh4 g5 25. Qxh5 Kg7 26. Kg1 Rh6 27. Qf3 Nf6 28.
e4 Reh8 29. Qf5 Qxf5 30. exf5 Rxh2 31. Rfb1 e4 32. dxe4 g4 33. Kf1 d3 34. f3
gxf3 35. Nd4 Rxb2 36. Rxb2 Rh1+ 37. Kf2 Rh2+ 0-1

[Event "3rd GP Series ((tie-break)) 2019"]
[Site "Hamburg GER"]
[Date "2019.11.07"]
[Round "1"]
[White "Wojtaszek, Radoslaw"]
[Black "Grischuk, Alexander"]
[Result "1/2-1/2"]
[WhiteElo "2728"]
[BlackElo "2764"]
[PlyCount "69"]
[EventDate "2019.11.05"]

1. d4 e6 2. c4 b6 3. a3 Bb7 4. Nc3 f5 5. Bf4 Nf6 6. e3 Be7 7. Nf3 O-O 8. Be2
Ne4 9. Nxe4 Bxe4 10. h3 d6 11. Bd3 Bf6 12. Bxe4 fxe4 13. Nd2 Bxd4 14. Qc2 Nd7
15. Nxe4 Bf6 16. h4 a5 17. O-O-O Qe8 18. g4 Nc5 19. g5 Be7 20. Bg3 Qc6 21. Nc3
a4 22. Kb1 Rf3 23. Nb5 e5 24. Nc3 Raf8 25. Rd5 Qe8 26. Ne4 Nxe4 27. Qxe4 Qf7
28. Rhd1 Qh5 29. Qc2 h6 30. gxh6 Qxh6 31. Rh1 Ra8 32. Qe4 Raf8 33. Qc2 Ra8 34.
Qe4 Raf8 35. Qc2 1/2-1/2

[Event "3rd GP Series ((tie-break)) 2019"]
[Site "Hamburg GER"]
[Date "2019.11.07"]
[Round "1"]
[White "Dubov, Daniil"]
[Black "Radjabov, Teimour"]
[Result "1/2-1/2"]
[WhiteElo "2676"]
[BlackElo "2767"]
[PlyCount "29"]
[EventDate "2019.11.05"]

1. e4 e5 2. Nf3 Nc6 3. Bc4 Bc5 4. d3 Nf6 5. Nc3 h6 6. Be3 Bb6 7. d4 exd4 8.
Nxd4 O-O 9. O-O Ne5 10. Be2 d5 11. exd5 Nxd5 12. Nxd5 Qxd5 13. Nb5 Qxd1 14.
Rfxd1 Bg4 15. Bxg4 1/2-1/2

[Event "3rd GP Series ((tie-break)) 2019"]
[Site "Hamburg GER"]
[Date "2019.11.07"]
[Round "1"]
[White "Yu, Yangyi"]
[Black "Jakovenko, Dmitry"]
[Result "1-0"]
[WhiteElo "2753"]
[BlackElo "2691"]
[PlyCount "101"]
[EventDate "2019.11.05"]

1. c4 Nf6 2. Nc3 c5 3. g3 e6 4. Nf3 b6 5. Bg2 Bb7 6. O-O Be7 7. Re1 d5 8. d4
dxc4 9. e4 cxd4 10. Nxd4 O-O 11. e5 Bxg2 12. Kxg2 Nd5 13. Qg4 Kh8 14. Rd1 Na6
15. Nf5 exf5 16. Qxf5 Nab4 17. Nxd5 Nd3 18. Nf4 g6 19. Qg4 Nxe5 20. Qe2 Nd3 21.
Nxd3 cxd3 22. Rxd3 Qc7 23. Bh6 Rfe8 24. Qf3 Bf8 25. Rc1 Qe7 26. Re3 Qd7 27. Rd1
Qc7 28. Bxf8 Rxf8 29. Qf6+ Kg8 30. Re7 Qc2 31. Rdd7 Qf5 32. Qxf5 gxf5 33. Rxa7
Rxa7 34. Rxa7 Rd8 35. Ra6 Rd6 36. Kf3 Kg7 37. Ke3 Re6+ 38. Kd3 f4 39. a4 Rh6
40. a5 Rxh2 41. Rxb6 Rxf2 42. gxf4 Rxf4 43. b4 h5 44. a6 Rf3+ 45. Ke2 Ra3 46.
b5 f6 47. Rb7+ Kg6 48. a7 Ra2+ 49. Kd3 h4 50. b6 h3 51. Rb8 1-0

[Event "3rd GP Series ((tie-break)) 2019"]
[Site "Hamburg GER"]
[Date "2019.11.07"]
[Round "1"]
[White "Navara, David"]
[Black "Vitiugov, Nikita"]
[Result "1-0"]
[WhiteElo "2703"]
[BlackElo "2751"]
[PlyCount "61"]
[EventDate "2019.11.05"]

1. d4 f5 2. Nf3 Nf6 3. c4 g6 4. g3 Bg7 5. Bg2 O-O 6. O-O d6 7. Nc3 Nc6 8. d5
Ne5 9. Nxe5 dxe5 10. c5 Kh8 11. Qb3 h6 12. Rd1 g5 13. a4 a6 14. a5 Qe8 15. d6
exd6 16. cxd6 cxd6 17. Rxd6 Qh5 18. Nd5 Ne4 19. Bf3 Qf7 20. Bxe4 fxe4 21. Qb6
Qh5 22. Bd2 Bg4 23. Bc3 Rae8 24. Nf6 Rxf6 25. Rxf6 Bxe2 26. Re6 Kh7 27. Bxe5
Bxe5 28. Qxb7+ Kh8 29. Rxe8+ Qxe8 30. Qxe4 Qb5 31. Re1 1-0

[Event "3rd GP Series ((tie-break)) 2019"]
[Site "Hamburg GER"]
[Date "2019.11.07"]
[Round "1"]
[White "Grischuk, Alexander"]
[Black "Wojtaszek, Radoslaw"]
[Result "1-0"]
[WhiteElo "2764"]
[BlackElo "2728"]
[PlyCount "101"]
[EventDate "2019.11.05"]

1. Nf3 Nf6 2. g3 c5 3. Bg2 Nc6 4. O-O e5 5. d3 d5 6. e4 d4 7. a4 Bd6 8. Na3 h6
9. Nh4 g6 10. f4 exf4 11. gxf4 Ng4 12. Nf3 g5 13. e5 Be7 14. Qe2 gxf4 15. Bxf4
Rg8 16. Nc4 Be6 17. Kh1 Qd7 18. Nfd2 O-O-O 19. a5 Bd5 20. Ne4 Qe6 21. Rae1 Kb8
22. Ncd6 Ne3 23. Bxe3 dxe3 24. Qxe3 Nxe5 25. Nf5 Rg6 26. Re2 Ka8 27. Neg3 Bxg2+
28. Rxg2 Bf8 29. a6 bxa6 30. Re1 f6 31. Qe4+ Qd5 32. Rf2 Qb7 33. Qxb7+ Kxb7 34.
Ne4 c4 35. d4 Nc6 36. c3 Kc7 37. Ne3 a5 38. Ref1 a4 39. Nxc4 Be7 40. Ne3 a5 41.
Ra1 a3 42. bxa3 a4 43. Rf5 Rb8 44. Nd5+ Kd7 45. Nb4 Nd8 46. Ra5 Rg4 47. Re1 Rb6
48. Ra7+ Rb7 49. Rxa4 Ne6 50. Ra6 Rb5 51. Rxe6 1-0

[Event "3rd GP Series ((tie-break)) 2019"]
[Site "Hamburg GER"]
[Date "2019.11.07"]
[Round "1"]
[White "Jakovenko, Dmitry"]
[Black "Yu, Yangyi"]
[Result "1/2-1/2"]
[WhiteElo "2691"]
[BlackElo "2753"]
[PlyCount "129"]
[EventDate "2019.11.05"]

1. c4 g6 2. e4 e5 3. d4 Nf6 4. Nf3 exd4 5. e5 Nh5 6. Qxd4 Nc6 7. Qe4 Bb4+ 8.
Nc3 O-O 9. Bg5 f6 10. Qd5+ Kh8 11. exf6 Nxf6 12. Qd3 d6 13. Be2 Bf5 14. Qd1 Qd7
15. O-O Bxc3 16. bxc3 Qg7 17. Qc1 Rfe8 18. Bh6 Qg8 19. Re1 Ng4 20. Bg5 Qg7 21.
Nd4 Nxd4 22. cxd4 Qxd4 23. Bxg4 Bxg4 24. Be3 Qf6 25. c5 Kg8 26. h3 Bd7 27. cxd6
cxd6 28. Qc4+ Qf7 29. Qd4 Bc6 30. Rad1 Re6 31. Bd2 Qf6 32. Qc4 d5 33. Qb3 Rae8
34. Be3 h5 35. Rd4 Re4 36. Red1 Kh7 37. Qb4 a6 38. Rxe4 Rxe4 39. Bd4 Qe7 40.
Qc3 Bb5 41. Bf6 Qf7 42. Bd4 Re2 43. a3 Re4 44. Qc8 Re8 45. Qc5 Qe7 46. Qc3 Qe2
47. Rc1 Bc6 48. Be3 Re4 49. Kh2 d4 50. Bxd4 Qb5 51. Bc5 Re2 52. Qf6 Qb3 53. Bd4
Qg8 54. Rc5 Re6 55. Qf4 Qe8 56. Be3 Qe7 57. Kg1 Qf6 58. Qh6+ Kg8 59. Rg5 Qg7
60. Qxg7+ Kxg7 61. Rc5 Kf7 62. Kh2 Re4 63. Rc3 Ke6 64. f3 Re5 65. g4 1/2-1/2

[Event "3rd GP Series ((tie-break)) 2019"]
[Site "Hamburg GER"]
[Date "2019.11.07"]
[Round "1"]
[White "Radjabov, Teimour"]
[Black "Dubov, Daniil"]
[Result "1/2-1/2"]
[WhiteElo "2767"]
[BlackElo "2676"]
[PlyCount "123"]
[EventDate "2019.11.05"]

1. e4 e5 2. Nf3 Nc6 3. Bc4 Bc5 4. d3 d6 5. c3 Nf6 6. Nbd2 Bb6 7. Bb3 O-O 8. Nc4
Ne7 9. h3 Ng6 10. O-O h6 11. Re1 Re8 12. Nxb6 axb6 13. Bc2 Nh7 14. Be3 Qf6 15.
Nh2 Qh4 16. Qf3 Ng5 17. Qg3 Qxg3 18. fxg3 Be6 19. a3 Rad8 20. Nf3 f6 21. c4 Nf8
22. Nd2 Ra8 23. g4 Bd7 24. Nb1 Nfe6 25. Nc3 Nf7 26. b4 Nfd8 27. Reb1 Nc6 28. a4
Ncd4 29. Bd1 Ra6 30. Ra2 Rea8 31. Rba1 Kf7 32. Kh2 Kg8 33. Kg3 Kf7 34. Kf2 Kg8
35. Ke1 Kf7 36. Kd2 Kg8 37. Kc1 Kf7 38. Kb1 Kg8 39. Nd5 R6a7 40. g3 Kh8 41. h4
Be8 42. Bxd4 exd4 43. Bb3 Bd7 44. Rf2 b5 45. a5 bxc4 46. Bxc4 b6 47. Rfa2 b5
48. Bb3 Nd8 49. g5 fxg5 50. hxg5 Nc6 51. gxh6 Ne5 52. hxg7+ Kxg7 53. Nf4 c5 54.
Bd5 Rh8 55. Rc2 c4 56. Kb2 cxd3 57. Rf2 Rc8 58. Rh1 Rac7 59. Nh5+ Kg6 60. Nf4+
Kg7 61. Nh5+ Kg6 62. Nf4+ 1/2-1/2

[Event "3rd GP Series ((tie-break)) 2019"]
[Site "Hamburg GER"]
[Date "2019.11.07"]
[Round "1"]
[White "Dubov, Daniil"]
[Black "Radjabov, Teimour"]
[Result "1/2-1/2"]
[WhiteElo "2676"]
[BlackElo "2767"]
[PlyCount "47"]
[EventDate "2019.11.05"]

1. d4 Nf6 2. c4 e6 3. Nf3 d5 4. g3 Be7 5. Bg2 O-O 6. O-O dxc4 7. Qc2 a6 8. a4
Bd7 9. Bg5 Bc6 10. e3 Nbd7 11. Nbd2 h6 12. Bxf6 Nxf6 13. Nxc4 Be4 14. Qe2 c5
15. Rfd1 Qc7 16. Rac1 Rac8 17. a5 cxd4 18. Nxd4 Bxg2 19. Kxg2 Qc5 20. Qf3 Qb4
21. Nb6 Rxc1 22. Rxc1 Bc5 23. Qxb7 Bxd4 24. exd4 1/2-1/2

[Event "3rd GP Series ((tie-break)) 2019"]
[Site "Hamburg GER"]
[Date "2019.11.07"]
[Round "1"]
[White "Radjabov, Teimour"]
[Black "Dubov, Daniil"]
[Result "0-1"]
[WhiteElo "2767"]
[BlackElo "2676"]
[PlyCount "74"]
[EventDate "2019.11.05"]

1. e4 g6 2. Nf3 d6 3. Nc3 Bg7 4. h3 c5 5. Bc4 Nc6 6. O-O Nf6 7. d3 O-O 8. a4 b6
9. Nd5 Bb7 10. c3 Nxd5 11. Bxd5 e6 12. Ba2 d5 13. Bg5 Qd7 14. Qc1 d4 15. Rd1
Rae8 16. h4 f5 17. exf5 Rxf5 18. Nh2 Ne5 19. f3 Ba6 20. c4 Bb7 21. a5 Nf7 22.
Bf4 Qd8 23. Bg3 Bf6 24. axb6 axb6 25. Qd2 Bxh4 26. Qf2 Bg5 27. Nf1 h5 28. Re1
h4 29. Bh2 h3 30. Ng3 Be3 31. Rxe3 dxe3 32. Qxe3 hxg2 33. f4 Rf6 34. Bb3 e5 35.
Ne4 Bxe4 36. dxe4 exf4 37. Bxf4 Qd4 0-1

[Event "3rd GP Series ((tie-break)) 2019"]
[Site "Hamburg GER"]
[Date "2019.11.07"]
[Round "1"]
[White "Dubov, Daniil"]
[Black "Radjabov, Teimour"]
[Result "1/2-1/2"]
[WhiteElo "2676"]
[BlackElo "2767"]
[PlyCount "115"]
[EventDate "2019.11.05"]

1. d4 Nf6 2. Nf3 e6 3. c4 b6 4. g3 Bb7 5. Bg2 Be7 6. O-O O-O 7. d5 Na6 8. Nd4
Rb8 9. e4 e5 10. Nf5 d6 11. Nc3 Bc8 12. Nxe7+ Qxe7 13. a3 Nc5 14. b4 Ncd7 15.
Ra2 Ra8 16. f4 a5 17. f5 axb4 18. axb4 Rxa2 19. Nxa2 Ba6 20. Qd3 Ra8 21. Nc3
Bb7 22. Bb2 c6 23. h3 cxd5 24. cxd5 Ba6 25. b5 Nc5 26. Qe3 Bc8 27. g4 Ne8 28.
g5 f6 29. h4 Bd7 30. Rf2 Nc7 31. Bf1 Ra5 32. Rg2 Nxb5 33. Bxb5 Bxb5 34. h5 Be8
35. Bc1 b5 36. Kh2 b4 37. Nd1 Bxh5 38. Nf2 Ra2 39. Qh3 g6 40. Qxh5 Rxf2 41.
fxg6 Rxg2+ 42. Kxg2 Nxe4 43. gxh7+ Qxh7 44. Qe8+ Kg7 45. gxf6+ Nxf6 46. Qe7+
Kg6 47. Qxd6 Qh5 48. Qc5 Qe2+ 49. Kg1 Qd1+ 50. Kg2 Qxd5+ 51. Qxd5 Nxd5 52. Kf3
Kf5 53. Bb2 e4+ 54. Ke2 Kf4 55. Bd4 e3 56. Kd3 Kf3 57. Bc5 b3 58. Bxe3 1/2-1/2

[Event "3rd GP Series, Knockout 2019"]
[Site "Hamburg GER"]
[Date "2019.11.08"]
[Round "3"]
[White "Topalov, Veselin"]
[Black "Vachier-Lagrave, Maxime"]
[Result "0-1"]
[WhiteElo "2736"]
[BlackElo "2777"]
[PlyCount "88"]
[EventDate "2019.11.05"]

1. d4 Nf6 2. c4 g6 3. Nf3 Bg7 4. e3 O-O 5. Be2 c5 6. d5 d6 7. Nc3 e6 8. Nd2 Na6
9. O-O Re8 10. e4 Nc7 11. a4 b6 12. Re1 Na6 13. h3 Nb4 14. Ra3 exd5 15. cxd5 a6
16. Bf1 Nd7 17. Na2 Ra7 18. Nc4 Ne5 19. Nxe5 Bxe5 20. Nxb4 cxb4 21. Rf3 Bd7 22.
b3 b5 23. Be3 Ra8 24. axb5 axb5 25. Bd4 Ra2 26. Re2 Rxe2 27. Bxe2 Qe7 28. Re3
Bf4 29. Bf3 Bxe3 30. Bxe3 Rc8 31. Qd4 Qe5 32. Qa7 Be8 33. g3 Rc3 34. Bd4 Qg5
35. Be2 Qd2 36. Bf1 Rxb3 37. Kg2 Ra3 38. Qb6 Ra6 39. Qxa6 Qxd4 40. Qc8 Qxe4+
41. f3 Qe3 42. Bxb5 b3 43. Bxe8 Qe2+ 44. Kg1 Qd1+ 0-1